Normal view
MARC view
- Veen, Barry Van
Entry Corporate Name
001 - CONTROL NUMBER
- control field: 91978
003 - CONTROL NUMBER IDENTIFIER
- control field: NUST
005 - DATE AND TIME OF LATEST TRANSACTION
- control field: 20220603112139.0
008 - FIXED-LENGTH DATA ELEMENTS
- fixed length control field: 220603|| aca||aabn | a|a d
040 ## - CATALOGING SOURCE
- Original cataloging agency: NUST
- Transcribing agency: NUST
110 ## - HEADING--CORPORATE NAME
- Corporate name or jurisdiction name as entry element: Veen, Barry Van
670 ## - SOURCE DATA FOUND
- Source citation: Work cat.: (NUST): Haykin, Simon, Signals and Systems, 2014.
